Špecifiká finančnej analýzy podniku počas koronakrízy bakalárska práca

Enregistré dans:
Détails bibliographiques
Auteur principal: Cunová, Veronika
Collectivité auteur: Fakulta podnikového manažmentu EU. Katedra podnikových financií
Autres auteurs: Smorada, Marián, 1984-
Format: Livre
Langue:slovaque
Publié: Bratislava 2023
Tags: Ajouter un tag
Pas de tags, Soyez le premier à ajouter un tag!

MARC

LEADER 00000nbm a2200000 4500
001 0293571
005 20240521103742.2
041 0 |a slo 
044 |a SK 
245 1 0 |a Špecifiká finančnej analýzy podniku počas koronakrízy  |b bakalárska práca  |c Veronika Cunová ; školiteľ: Marián Smorada 
264 1 |a Bratislava  |c 2023 
300 |a 41 s. 
100 1 |a Cunová, Veronika 
700 1 |a Smorada, Marián, 1984- 
710 2 |a Fakulta podnikového manažmentu EU. Katedra podnikových financií